000
00261nam a2200109Ia 4500
008
220204s9999 xx 000 0 und d
082
_a
82-3
_b
GRA
100
_a
Graham, Winston
245
4
_a
The Black moon
260
_a
Great Britain
_b
Fontana
_c
1977
942
_c
BK
999
_c
29233
_d
29233